000 01907nam a2200445 a 4500
001 fol20332934
003 ICrlF
005 20250904223821.0
008 210910s2022 nyu d 000 1 eng d
020 _a9781978595576
035 _a(ICrlF)1993UU
040 _aICrlF
_beng
_cICrlF
_dICrlF
082 0 4 _a[Fic]
_223
100 1 _aDaniels Taylor, Annette.
_941521
245 1 0 _aShoot the storm /
_cAnnette Daniels Taylor.
250 _a1st ed.
260 _aNew York, NY :
_bWest 44 Books, an imprint of Enslow Pub.,
_c2022.
300 _a192 p. ;
_c22 cm.
510 3 _aKirkus Review, December 2021
520 _a"Aaliyah saw her father Boogie-G killed on the park basketball courts. For a while, Aaliyah stopped talking, but after finding videos of her father rapping on stage, Aaliyah begins to rap. Two years later, she is at the top of her game on the basketball court and finding her rhythm with rap, until she sees her father's killer again. Aaliyah considers joining her father's old gang to avenge his death, but what will it cost her?"--Provided by publisher.
521 0 _a3.6.
521 2 _aYoung Adult
_bFollett School Solutions.
650 0 _aBasketball players
_vJuvenile fiction.
_941522
650 0 _aRap (Music)
_vJuvenile fiction.
_913543
650 0 _aMurder
_vJuvenile fiction.
650 0 _aRevenge
_vJuvenile fiction.
650 0 _aGangs
_vJuvenile fiction.
650 0 _aFamilies
_vJuvenile fiction.
650 1 _aBasketball players
_vFiction.
_939762
650 1 _aRap (Music)
_vFiction.
_913545
650 1 _aMurder
_vFiction.
650 1 _aRevenge
_vFiction.
650 1 _aGangs
_vFiction.
650 1 _aFamily life
_vFiction.
655 7 _aSports fiction.
_2lcgft
655 7 _aNovels in verse.
_2lcgft
655 7 _aHigh interest-low vocabulary books.
_2lcgft
_99434
940 2 _a3.6
_bYoung Adult
_d06/02/23
_sKirkus Review, December 2021
_vFSS
942 _cBK
999 _c128334
_d128334